Terminologie Anat - Statistiques

Statistiques générales
  • Ce quiz a été pris 24 fois
    14 depuis la dernière actualisation
  • Le résultat moyen est 4 sur 33
Statistiques - réponses
Terminologie anatomique % Correct
Caudal
100%
Cranial
100%
Distal
33%
Dorsal
33%
Dorsal
33%
Median
33%
Proximal
33%
Ventral
33%
Ventral
33%
Caudal
0%
Cranial
0%
Distal
0%
Face dorsale
0%
Face dorsale
0%
Face dorsale
0%
Face dorsale
0%
Face palmaire
0%
Face palmaire
0%
Face plantaire
0%
Face plantaire
0%
Fibulaire
0%
Fibulaire
0%
Lateral
0%
Lateral
0%
Medial
0%
Medial
0%
Proximal
0%
Radial
0%
Radial
0%
Tibial
0%
Tibial
0%
Ulnaire
0%
Ulnaire
0%
Aucun quiz correspondant
Distribution des résultats
% des personnes avec chaque résultat
Percentile par nombre de réponses
Votre historique - résultats
Vous n’avez pas pris ce quiz depuis la dernière actualisation